|
|
|
|
| LEADER |
00000nam a22000007a 4500 |
| 005 |
20190813134814.0 |
| 007 |
cr|||| |||| |
| 008 |
190813s2018 co |||||s|||| 00||0 spa d |
| 020 |
|
|
|a 978-958- 5456-27-3
|
| 035 |
|
|
|a 24026
|
| 040 |
|
|
|a vLex
|
| 090 |
|
|
|c 9166
|d 9166
|
| 100 |
1 |
|
|a Vallejo Almeida, Germǹ
|
| 245 |
1 |
0 |
|a Trabajo, desarrollo y justicia social
|h [Recurso electrn̤ico] :
|b cien aǫs de la OIT /
|c Germǹ Vallejo Almeida, Francisco Rafael Ostau de Lafont de Len̤, Leidy ℓngela Niǫ-Chavarro, Ivonne Patricia Len̤, Giovanni Lizarazo-Peą, Pablo Ignacio Reyes-Beltrǹ, Rubin Ariel Huffington-Rodrg̕uez
|
| 256 |
|
|
|a Servicio en ln̕ea
|
| 260 |
|
|
|a Bogot:̀
|b Universidad Catl̤ica de Colombia,
|c 2018
|
| 300 |
|
|
|a 1 recurso electrn̤ico
|
| 500 |
|
|
|a La obra presenta al lector un contexto general y ampliado de la historia, retos y perspectivas de la Organizacin̤ Internacional del Trabajo (OIT) a props̤ito de su 100 ʻ aniversario a travš de diversas perspectivas de los acadm̌icos de la Universidad Catl̤ica de Colombia y de la Universidad Nacional de Colombia. Este libro, producto de investigacin̤ del grupo Derecho pb︢lico y TIC, recoge la construccin̤ de los marcos de comprensin̤ y la materializacin̤ de reivindicaciones laborales que dieron origen a la organizacin̤, adems̀ de los contextos en que sus acciones tienen lugar tanto en el escenario internacional como en el regional y particularmente en Colombia. Finalmente, el lector podr ̀encontrar las dos dimensiones principales de la actuacin̤ de la OIT la proteccin̤ de los derechos de los trabajadores y la defensa de las comunidades indg̕enas y tribales, sin descuidar todos los dems̀ temas que, a lo largo de su historia, se han convertido en ejes estratǧicos de la bs︢queda y consolidacin̤ del desarrollo humano y el progreso social y econm̤ico de los pueblos
|
| 506 |
1 |
|
|a Disponible solo en los productos indicados
|d vLex Global
|d vLex Global (Academic Edition, excluding Law Schools)
|d vLex Global (U.S. Academic Edition, Law Schools)
|d vLex Global (U.S. Academic Edition, excluding Law Schools)
|d vLex Global (Academic Edition, Law Schools)
|
| 650 |
0 |
4 |
|a Derecho Laboral y Seguridad Social
|z Colombia
|
| 700 |
1 |
|
|a Ostau de Lafont de Len̤, Francisco Rafael
|
| 700 |
1 |
|
|a Niǫ-Chavarro, Leidy ℓngela
|
| 700 |
1 |
|
|a Len̤, Ivonne Patricia
|
| 700 |
1 |
|
|a Lizarazo-Peą, Giovanni
|
| 700 |
1 |
|
|a Reyes-Beltrǹ, Pablo Ignacio
|
| 700 |
1 |
|
|a Huffington-Rodrg̕uez, Rubin Ariel
|
| 740 |
0 |
|
|a vLex Libros (Servicio en ln̕ea)
|
| 856 |
4 |
0 |
|u http://vlex.com/source/trabajo-desarrollo-y-justicia-social-cien-a-os-de-la-oit-24026
|z Acceso restringido
|
| 942 |
|
|
|c BOOK
|
| 999 |
0 |
|
|a Labor law and social security
|